000 00586nam a2200205Ia 4500
003 GCL
005 20240530103815.0
008 140319s9999 xx 000 0 ara d
040 _aGCL /
_cGCL
082 0 4 _a247.82
_bر ت
100 1 _aرمضان عبدالتواب
245 1 0 _aالعليل بالمصلحة عند الاصولين /
_cرمضان عبدالتواب
300 _a368 ص
490 _aكتاب
_v0
650 0 4 _aالفرق الاسلامية
650 0 4 _aالشيعة
650 0 4 _aعقائد الخوارج
650 0 4 _aالاصولية
942 _2ddc
_cBK
999 _c42632
_d42632